LIBRARY ONLINE CATALOGUE

Dido and aeneas in full score / (Record no. 8050)

MARC details
000 -LEADER
fixed length control field 00610nam a22002172 4500
001 - CONTROL NUMBER
control field 0000011815
005 - DATE AND TIME OF LATEST TRANSACTION
control field 20151217152101.0
008 - FIXED-LENGTH DATA ELEMENTS--GENERAL INFORMATION
fixed length control field 090112s xx 000 0 eng d
020 ## - INTERNATIONAL STANDARD BOOK NUMBER
International Standard Book Number 0486267467 :
040 ## - CATALOGING SOURCE
Original cataloging agency KABU
Transcribing agency KABU
100 1# - MAIN ENTRY--PERSONAL NAME
Personal name Purcell, Henry.
-- 0000167830
245 10 - TITLE STATEMENT
Title Dido and aeneas in full score /
Statement of responsibility, etc. Henry Purcell.
250 ## - EDITION STATEMENT
Edition statement 1st ed.
260 ## - PUBLICATION, DISTRIBUTION, ETC. (IMPRINT)
Place of publication, distribution, etc. New York :
Name of publisher, distributor, etc. Dover,
Date of publication, distribution, etc. 1995.
300 ## - PHYSICAL DESCRIPTION
Extent xxii, 89 p.
650 #0 - SUBJECT ADDED ENTRY--TOPICAL TERM
Topical term or geographic name as entry element Operas
General subdivision scores.
-- 0000167831
650 #0 - SUBJECT ADDED ENTRY--TOPICAL TERM
Topical term or geographic name as entry element Dido
General subdivision Drama.
-- 0000167832
852 1# - LOCATION
-- p500 KES
908 ## - PUT COMMAND PARAMETER (RLIN)
Put command parameter 090112
950 ## - LOCAL HOLDINGS (RLIN)
-- 1
Holdings
Withdrawn status Lost status Source of classification or shelving scheme Not for loan Home library Current library Date acquired Total Checkouts Total Renewals Full call number Barcode Date last seen Date last checked out Price effective from Koha item type
    Library of Congress Classification   Kabarak, Main Campus Kabarak, Main Campus 17/12/2015 5 1 M1500 .P87D5 c. 1 15872 01/03/2023 01/02/2023 17/12/2015 General Collection